LIBRARY & INFORMATION CENTRE, KCAET, TAVANUR

ONLINE PUBLIC ACCESS CATALOGUE (OPAC)

General knowledge refresher and year book / (Record no. 8007)

MARC details
000 -LEADER
fixed length control field 00479cam a2200181ua 4500
020 ## - INTERNATIONAL STANDARD BOOK NUMBER
ISBN 81 7254 031 0
041 ## - LANGUAGE CODE
Language code of text/sound track or separate title eng
082 ## - DEWEY DECIMAL CLASSIFICATION NUMBER
Classification number 028.702
Item number SUB/GE
100 ## - MAIN ENTRY--AUTHOR NAME
Personal name Subburaj, V K .
245 ## - TITLE STATEMENT
Title General knowledge refresher and year book /
250 ## - EDITION STATEMENT
Edition statement 1 /
260 ## - PUBLICATION, DISTRIBUTION, ETC. (IMPRINT)
Place of publication Madras :
Name of publisher Sura college of competition ,
Year of publication 1996.
300 ## - PHYSICAL DESCRIPTION
Number of Pages 467 ; .
942 ## - ADDED ENTRY ELEMENTS (KOHA)
Koha item type Books
Holdings
Withdrawn status Lost status Damaged status Home library Current library Date acquired Full call number Accession Number Koha item type
      KAUAET   07/04/2012 028.702 18913 Books
free website counter